00660 2200253 4500001002100000005001700021006001900038008004100057020002200098035002500120090001700145100002500162245003400187260003200221990001700253990001700270990001700287990001700304990001700321990001700338990001700355990001700372990001700389INLIS00000000000823120130724102313.0a ||| | 180719| ||| |  a978-979-22-5911-7 a0010-071300000000086 a808.83 AJI n0 aseno gumira ajidarma00aNAGABUMI I Jurus Tanpa Bentuk aJakartabPT. Gramediac2009 a8233/PN/2013 a8233/PN/2013 a8362/PN/2013 a8233/PN/2013 a8362/PN/2013 a8233/PN/2013 a8362/PN/2013 a8233/PN/2013 a8362/PN/2013